书目信息 |
| 题名: |
计算机等级考试典型试题分析与实践 2级:C语言程序设计
|
|
| 作者: | 匡松 , 缪春池 主编 | |
| 分册: | ||
| 出版信息: | 成都 电子科技大学出版社 2003.02 |
|
| 页数: | 385页 | |
| 开本: | 26cm | |
| 丛书名: | ||
| 单 册: | ||
| 中图分类: | TP312 | |
| 科图分类: | ||
| 主题词: | 软件 | |
| 电子资源: | ||
| ISBN: | 7-81094-055-4 | |
| 000 | 00702nam0 2200205 45 | |
| 001 | 0359597218 | |
| 005 | 2003042516331701 | |
| 010 | @a7-81094-055-4@dRMB 30.00 | |
| 100 | @a20030425d2003 km y0chiy0120 ea | |
| 101 | 0 | @achi |
| 102 | @aCN@b510000 | |
| 200 | 1 | @a计算机等级考试典型试题分析与实践 2级:C语言程序设计@Aji suan ji deng ji kao shi dian xing shi ti fen xi yu shi jian 2 ji:C yu yan cheng xu she ji@f匡松,缪春池主编@Fkuang song,miao chun chi zhu bian |
| 210 | @a成都@c电子科技大学出版社@d2003.02 | |
| 215 | @a385页@d26cm | |
| 606 | 0 | @a软件 |
| 690 | @aTP312@v4 | |
| 701 | 0 | @a匡松@Akuang song@4主编 |
| 701 | 0 | @a缪春池@Amiao chun chi@4主编 |
| 801 | 0 | @aCN@bPFT@c20030425 |
| 905 | @dTP312@eK9141 | |
| 计算机等级考试典型试题分析与实践 2级:C语言程序设计/匡松,缪春池主编.-成都:电子科技大学出版社,2003.02 |
| 385页;26cm |
| ISBN 7-81094-055-4:RMB 30.00 |
| ● |
| 相关链接 |
|
|
|
正题名:计算机等级考试典型试题分析与实践 2级:C语
索取号:TP312/K9141
 
预约/预借
| 序号 | 登录号 | 条形码 | 馆藏地/架位号 | 状态 | 备注 |
| 1 | 366132 | 203661322 | 期刊室512/301自科库 101排4列3层/ [索取号:TP312/K9141] | 在馆 | |
| 2 | 366133 | 203661331 | 自科库301/ [索取号:TP312/K9141] | 在馆 |